Kinetics of catalytic reactions

Αποθηκεύτηκε σε:
Λεπτομέρειες βιβλιογραφικής εγγραφής
Κύριος συγγραφέας:  Vannice, M. Albert
Μορφή: Sách
Γλώσσα:Undetermined
Έκδοση:  Springer  2005
Θέματα:
Ετικέτες: Προσθήκη ετικέτας
Δεν υπάρχουν, Καταχωρήστε ετικέτα πρώτοι!
Thư viện lưu trữ: Trung tâm Thư viện - Trường Đại học Công nghiệp TP. Hồ Chí Minh
LEADER 00498nam a2200157Ia 4500
001 UIH_06504
008 231011s9999 xx 000 0 und d
082 |a  541.395 
100 |a  Vannice, M. Albert 
245 0 |a  Kinetics of catalytic reactions 
245 0 |c  Vannice, M. Albert 
260 |b  Springer 
260 |c  2005 
650 |a  Xúc tác; Động học hóa học;  
927 |a Sách 
980 |a Trung tâm Thư viện - Trường Đại học Công nghiệp TP. Hồ Chí Minh